00541 2200217 4500001002100000005001500021035002000036007000300056008004100059100001600100245004700116250001100163300002000174020002200194082001200216084001800228260003800246990001300284990001300297990001300310INLIS00000000000838020251218053823 a0010-0322000399ta220308 g 0 ind 0 aZAINAL AQIB1 aPENELITIAN TINDAKAN SEKOLAH /cZAINAL AQIB aCet. 1 a484HAL ;c24 cm a978-602-313-070-2 a320.540 a320.540 ZAI p aYogyakarta :bARRUZZ MEDIA,c2019 a022.7676 a022.7677 a022.7678